000 00661nam a22002177a 4500
003 PILC
005 20151020160718.0
008 130930t xxu||||| |||| 00| 0 eng d
020 _a9789813029057
050 _aPN 6222
_b.J74 1993
082 _aGS 808.87
_bJo67 1993
245 _aJokes, comic tales & proverbs /
_ccompiled and retold by Chong Kum Fatt.
_bfrom India
260 _aSingapore :
_bAsiapac,
_c1993
300 _a115 p. :
_bill. ;
_c22 cm.
650 _aChinese wit and humor
_915675
650 _aIndia wit and humor
_922207
650 _akorean wit and humor
_915677
650 _aFatt, Chong Kum
_922208
942 _2lcc
_cBK
999 _c12388
_d12388